02146nam a2200361Ia 450000500170000000800410001702000150005808200180007310000200009124500760011125000390018730000430022665000380026965000360030765000380034370000240038194200120040526400340041733600270045133700330047833800280051104000350053999900150057495201310058995201280072095201300084895201310097895201490110995201290125895201320138795201320151995201330165120220317000645.0160601s2005 ag a g 000 0 spa  a950128709204a303.69 bD32h1 aDiez, Francisco10aHerramientas para trabajar en mediación cFrancisco Diez, Gachi Tapia a1a. edición b3a. reimpresión  a227 páginas bilustraciones c22 cm 142LEMBaMeditación xEnseñanza 142LEMBaSolución de conflictos 142LEMBaMeditación internacional 1 aTapia, Gachi951983 2ddccBK aBuenos Aires bPaidósc2005 atextobtxt2rdacontent asin mediaciónbn2rdamedia avolumenbnc2rdacarrier aCO-BoRNBPbspaerdacCO-BoRNBP c4684d4684 00102ddc40708GENaMEDORADObMEDORADOcGENd2022-12-13l0o303.69 D32hpDOR00152r2022-12-13 00:00:00tEj.1w2022-12-13yBK 00102ddc40708GENaMEMAPIRIbMEMAPIRIcGENd2023-03-28l0o303.69pMAP0000164r2023-03-28 00:00:00tEj.1w2023-03-28yBK 00102ddc40708GENaMESMARTIbMESMARTIcGENd2023-03-29l0o303.69 D32hpSM00997r2023-03-29 00:00:00tEj.1w2023-03-29yBK 00102ddc40708GENaMEBAUPIAbMEBAUPIAcGENd2023-10-17l0o303.69 D32hpBUP01126r2023-10-17 19:16:44tEj.1w2023-10-17yBK 00102ddc40708GENaMECUMARAbMECUMARAcLITd2024-05-14fSALA GENERAL 3Al0o303.69D32hpMECUM00097r2024-05-14 14:55:00tEj.1w2024-05-14yBK 00102ddc40708GENaMEURIBEbMEURIBEcGENd2024-07-10l0o303.69 D32hpURI00186r2024-07-10 11:45:18tEj.1w2024-07-10yBK 00102ddc40708GENaMEACACIAbMEACACIAcGENd2025-02-21l0o303.69 D32hpACA02243r2025-02-21 11:18:56tEj.1w2025-02-21yBK 00102ddc40708GENaMEPLOPEZbMEPLOPEZcGENd2025-04-10l0o303.69 D32hpPLZ00218r2025-04-10 15:35:31tEj.1w2025-04-10yBK 00102lcc40708GENaMEPCONCObMEPCONCOcGENd2026-02-02l0o303.69 D32hpPCON00517r2026-02-02 19:45:23tEj.1w2026-02-02yBK